Frutas y fruti culturas en Colombia (Registro nro. 3995)

Detalles MARC
000 -CABECERA
Campo de control 00796nam a2200229 i 4500
005 - FECHA Y HORA DE LA ULTIMA TRANSACCION
Campo de control 20180213145011.0
008 - ELEMENTOS DE LONGITUD FIJA—INFORMACION GENERAL
Campo de control 100222s2004 ck a gr 00010dspa d
015 ## - NATIONAL BIBLIOGRAPHY NUMBER
National bibliography number ck-2004-xxxx
040 ## - FUENTE DE CATALOGACIÓN
Agencia catalogadora original CO-BoBLA
Agencia transcriptora CO-BoBLA
Agencia Modificadora CO-BoIAVH
041 ## - IDIOMA
Código de idioma para texto/pista de sonido o título separado Español
043 ## - GEOGRAPHIC AREA CODE
Geographic area code s-ck---
082 04 - NUMERO DE CLASIFICACION DECIMAL DEWEY
Número de clasificación 634.09861
Número del ítem A83f
110 2# - ASIENTO PRINCIPAL--NOMBRE CORPORATIVO
Nombre corporativo o de jurisdicción como elemento de entrada Asociación Red Colombiana de Reservas Naturales de la Sociedad Civil
9 (RLIN) 89732
245 10 - MENCION DE TITULO
Título Frutas y fruti culturas en Colombia
260 3# - PUBLICACION, DISTRIBUCION, ETC. (PIE DE IMPRENTA)
Lugar de publicación, distribución, etc. Santiago de Cali :
Nombre del editor, distribuidor, etc. Fondo para la Acción Ambiental,
Fecha de publicación, distribución, etc. 2004.
300 ## - DESCRIPCION FISICA
Extensión 38 páginas :
Otros detalles físicos ilustraciones ;
Dimensiones 28 cm.
490 00 - MENCION DE SERIE
Mención de serie Cartilla de Fruticultura ;
Designación numérica/secuencial del volumen 1
650 14 - ASIENTO SECUNDARIO DE MATERIA - TERMINO TEMATICO
Término temático o nombre geográfico como elemento de entrada Frutas
Subdivisión geográfica Colombia.
9 (RLIN) 89733
650 24 - ASIENTO SECUNDARIO DE MATERIA - TERMINO TEMATICO
Término temático o nombre geográfico como elemento de entrada Fruticultura
Subdivisión geográfica Colombia.
9 (RLIN) 89734
700 1# - ASIENTO SECUNDARIO - NOMBRE PERSONAL
Nombre personal Ordóñez E., Luis Felipe,
Término de relación ilustrador.
9 (RLIN) 61581
942 ## - ELEMENTOS ADICIONALES (KOHA)
Sistema de clasificación Dewey Decimal Classification
Tipo de ítem Libro
Existencias
Withdrawn status Lost status Sistema de Clasificación Damaged status No para préstamo Colección Inventariado Ubicación Permanente Ubicación actual Fecha de adquisición Fuente de Valor Valor Total Checkouts Número topográfico Inventario / Código de Barras Date last seen Ejemplar Price effective from Forma de adquisición Tipo de material
    Dewey Decimal Classification     General Inventariado 2017 Bogotá Bogotá 04/12/2012 Instituto 15000.00   LB-634.09861 A83f 018305 04/12/2012 Ej. 1 04/12/2012   Libro